000 01082nam a22003378i 4500
999 _c29340
_d29311
001 018447813
003 EG-ScBUE
005 20210808142354.0
008 170728s2017 enk f bd 000 0 eng d
020 _a9781912128884
040 _aStDuBDS
_beng
_erda
_cStDuBDS
_dEG-ScBUE
043 _an-us---
082 0 4 _a305.420973
_bWHI
_222
100 1 _aWhitaker, Elizabeth,
_eauthor.
245 1 3 _aAn analysis of Betty Friedan's :
_bthe feminine mystique /
_cElizabeth Whitaker.
264 1 _aLondon :
_bRoutledge,
_c2017.
300 _a107 pages ;
_c18 cm.
336 _atext
_2rdacontent
_btxt
337 _acomputer
_2rdamedia
_bn
338 _aonline resource
_2rdacarrier
_bnc
490 0 _aMacat library
500 _aIncludes glossary.
504 _aIncludes bibliographical references.
600 1 7 _aFriedan, Betty.
_tFeminine mystique.
_2BUEsh
650 7 _aFeminism
_zUnited States.
_2BUEsh
650 7 _aWomen
_zUnited States
_xSocial conditions.
_2BUEsh
653 _bGGEN
_cAugust2021
655 _vReading book
_934232
942 _2ddc
_cBB